000 00999nam a2200217Ia 4500
003 Ost
005 20260507075642.0
008 260507s9999||||xx |||||||||||||| ||und||
040 _cfsecg
041 _aara
082 _a346
100 _aزهران، همام محمد محمود
_eمؤلف
245 0 _aالوجيز في الإثبات :
_bالمواد المدنية والتجارية /
_c همام محمد محمود زهران
260 _aالإسكندرية:
_bدار الجامعة الجديدة,
_c2003
300 _a423 صفحة؛
_bإيضاحات ؛
_c24 سم
490 _aالمكتبة القانونية
520 _aالمبادئ العامة في الإثبات،أدلة الإثبات- اليمين المتممة، القرائن القانونية، محل الإثبات، سبيل تحصيل الحقائق القضائية، الادلة المقيدة
653 _aالقانون التجاري
653 _aالقانون المدني
942 _cكتاب
999 _c45430
_d45430